| 000 | 00701nam a2200229 a 4500 | ||
|---|---|---|---|
| 005 | 20240314063648.0 | ||
| 008 | 140821s2010 mx r 000 0 spa d | ||
| 020 | _a9786074696134 (SEP) | ||
| 020 | _a9786074632675 (Castillo) | ||
| 035 | _aUPN01000198986 | ||
| 049 | _aI | ||
| 050 | 4 |
_aPZ8 _bB6.3a |
|
| 100 | 1 |
_aBonners, Susan _936384 |
|
| 245 | 1 | 3 |
_aEl globo mensajero / _cSusan Bonners ; il. Luis Pombo. |
| 260 |
_aMéxico : _bSEP : _bCastillo, _c2010. |
||
| 300 |
_a86 p. : _bil. col. |
||
| 440 | 0 |
_aLibros del rincón. _pPasos de luna |
|
| 534 |
_pTítulo original : _tThe silver balloon |
||
| 650 | 4 |
_aCuentos infantiles estadounidenses _910762 |
|
| 905 | _aInfantil | ||
| 999 |
_c171087 _d171087 |
||